000 00905nam a2200265Ia 4500
003 OSt
005 20221005110322.0
006 a|||||r|||| 00| 0
007 ta
008 221004b |||||||| |||| 00| 0 hin d
020 _a8185117136
024 _a65821
037 _cTextual
040 _aCRL
_cCRL
_bhin
041 _2hin
_ahin
082 _aO152,2N27x, [P2]
100 _aमिश्र, वीरेन्द्र
245 0 _aप्रेरणा तुम्हारी थी
246 _aPreraṇā tumhārī thī
260 _aनई दिल्ली
_bहिन्दी साहित्य संसार उद्योग भारत
_c2002
300 _a136पृ0
_ccm.
650 _aहिन्दी साहित्य
942 _hO152,2N27x, [P2]
_cTEXL
_2cc
999 _c1018440
_d1018440